000 00450nam a2200169Ia 4500
003 LK-CoDNM
008 010623t1896 xxu||||| |||| 00| 1 sin d
040 _aLK-CoDNM
_dLK-CoDNM
_eLK-CoDNM
041 _asin
080 _a104 E.4
100 _aGunawardana, Irving
_eed.
245 _aසිතුමිණ සඟරාව
246 _aSitumuna sangarava Vol. 1 / viii
260 _bSubooda
_aColombo
_c1896
300 _b12p., 25 cm
942 _cBK
999 _c84373
_d84373